Văn hoá các dân tộc Việt Nam thống nhất mà đa dạng /
Wedi'i Gadw mewn:
| Awduron Eraill: | , , , |
|---|---|
| Fformat: | Sách giấy |
| Iaith: | Vietnamese |
| Cyhoeddwyd: |
H. :
Chính trị Quốc gia,
2002
|
| Tagiau: |
Ychwanegu Tag
Dim Tagiau, Byddwch y cyntaf i dagio'r cofnod hwn!
|
| Thư viện lưu trữ: | Thư viện Trường Đại học Đà Lạt |
|---|
| LEADER | 00850nam a2200313 4500 | ||
|---|---|---|---|
| 001 | DLU030022043 | ||
| 003 | ##DLU | ||
| 005 | ##20021230 | ||
| 008 | ##021230t vn z000 vie d | ||
| 040 | # | # | |a DLU |b vie |
| 041 | # | # | |a vie |
| 044 | # | # | |a vn |
| 082 | # | # | |a 306.089 959 2 |b Van |
| 245 | # | # | |a Văn hoá các dân tộc Việt Nam thống nhất mà đa dạng / |c Nông Quốc Chấn, ... [và những người khác] |
| 260 | # | # | |a H. : |b Chính trị Quốc gia, |c 2002 |
| 300 | # | # | |a 325 tr. ; |c 19 cm |
| 700 | # | # | |a Huỳnh Khái Vinh |
| 700 | # | # | |a Nông Quốc Chấn |
| 700 | # | # | |a Nguyễn Thanh Tuấn |
| 700 | # | # | |a Phan Hữu Dật |
| 992 | # | # | |a 30000 |
| 994 | # | # | |a DLU |
| 900 | # | # | |a True |
| 911 | # | # | |a Thái Thị Thanh Thủy |
| 925 | # | # | |a G |
| 926 | # | # | |a A |
| 927 | # | # | |a SH |
| 980 | # | # | |a Thư viện Trường Đại học Đà Lạt |